000 01620cam a22004574i 4500
003 PE-LiUPU
005 20250731165540.0
008 150625s r 000 0 d
035 _a(Sirsi) a32920
035 _a(Sirsi) a32920
040 _aPE-LiUPU
_bspa
_cPE-LiUPU
_erda
082 0 4 _a221.008
_bAB
_221
100 1 _aLenchak, Timothy A.,
_eautor.
245 1 0 _aChoose life.
_n129.
264 1 _aRoma :
_bEditrice Pontificio istituto biblico,
_c1993.
300 _a308 páginas ;
_c24 cm.
336 _atext
_2rdacontent
337 _aunmediated
_2rdamedia
338 _avolume
_2rdacarrier
505 0 _aThe rhetorical nature of deuteronomy. -Rhetoric and rhetorical cristicism. -Audience and rhetorical situation. -Inventio. -Dispositio. -Elocutio. -Conclusion.
526 _aSEG44
526 _aSEG26
526 _aP151
526 _aP150
526 _aP149
526 _aP146
526 _aP145
526 _aP126
526 _aP125
526 _aP92
526 _aP75
526 _aP74
526 _aP27
526 _aP15
942 _2ddc
_cBOOK
949 _aRC 221.008 AB 129
_wDEWEY
_c1
_i38059
_lRC
_mBUL
_r0
_sY
_tBOOK
_u2015-6-25
_xBIBLIOTECA
_zUNKNOWN
_0COMPRA
_o.CIRCNOTE. No olvidar cambiar la fecha de devolución!!!!!!!
_o.STAFF. Colección General
994 _aC0
_bPEPRU
596 _a1
999 _aRC 221.008 AB 129
_wDEWEY
_c40626
_i38059
_f2021-11-8
_g6
_lCCODEBUL1
_mBUL
_r1
_sY
_tBOOK
_u2015-6-25
_xTEOLOGIA
_zUNKNOWN
_0COMPRA
_o.CIRCNOTE. No olvidar cambiar la fecha de devolución!!!!!!!
_o.STAFF. Colección General
_d40626
980 _81
_gALBERTO SANCHEZ Responsable de Automatización